| 000 | 00425nam a22001337a 4500 | ||
|---|---|---|---|
| 040 | _cNUST | ||
| 082 | _a200 THE | ||
| 100 |
_aHafiz Muhammad Umair Munir _984535 |
||
| 110 |
_aSupervisor Dr. Waqar Shahid Qureshi _984536 |
||
| 245 | _aTH-SOF-1778-Reconstruction of 3D Face Using Dense Facial Model from a Single Image | ||
| 260 |
_aISLAMABAD: _b NUST COLLEGE OF EME, _c2020. |
||
| 650 |
_aMS-MTS-16 _984537 |
||
| 942 |
_2ddc _cTHE |
||
| 999 |
_c586846 _d586846 |
||